000
00332nam a2200145Ia 4500
100
_a
Dattatri/ Kayshav
942
_c
BK
654
_a
C++
245
_a
C++ Effective Object Oriented Software Construction
260
_b
Prentice Hall
_c
2000
082
_a
005.133'C'
_b
DAT
300
_a
755
546
_a
ENGLISH
999
_c
25479
_d
25479